Organic Chemistry:stereochemistry and the chemistryof natural products (Record no. 689)

MARC details
000 -LEADER
Fixed length control field 00508nam a2200193 4500
003 - CONTROL NUMBER IDENTIFIER
Control field SEACOMEC
005 - DATE AND TIME OF LATEST TRANSACTION
Control field 20240224113126.0
008 - FIXED-LENGTH DATA ELEMENTS--GENERAL INFORMATION
Fixed length control field 240224b |||||||| |||| 00| 0 eng d
020 ## - INTERNATIONAL STANDARD BOOK NUMBER / ISBN
Price Rs.550.00
040 ## - CATALOGING SOURCE
Original cataloging agency SEACOMEC
082 ## - DEWEY DECIMAL CLASSIFICATION NUMBER
Classification number 547
Book Number F491
100 ## - MAIN ENTRY--PERSONAL NAME
Personal name Finar,I.L.
245 1# - TITLE STATEMENT
Title Organic Chemistry:stereochemistry and the chemistryof natural products
Statement of responsibility I.L. Finar
250 ## - EDITION STATEMENT
Edition statement 5th ed.
260 ## - IMPRINT
Place of publication Delhi
Name of publisher Pearson
Date of publication 2005
300 ## - PHYSICAL DESCRIPTION
Page / Vol. No 2
650 ## - SUBJECT ADDED ENTRY--TOPICAL TERM
Topical term Natural sciences,Organic chemistry
942 ## - ADDED ENTRY ELEMENTS (KOHA)
Koha item type Books
Holdings
Withdrawn status Lost status Source of classification Damaged status Not for loan Home library Current library Date acquired Total Checkouts Call number Accession number Date last seen Copy number Price effective from Koha item type
    Dewey Decimal Classification     SEACOM ENGINEERING COLLEGE SEACOM ENGINEERING COLLEGE 08/06/2006   547 F491 02951 24/02/2024 7 24/02/2024 Books
    Dewey Decimal Classification     SEACOM ENGINEERING COLLEGE SEACOM ENGINEERING COLLEGE 08/06/2006   547 F491 02952 24/02/2024 8 24/02/2024 Books
    Dewey Decimal Classification     SEACOM ENGINEERING COLLEGE SEACOM ENGINEERING COLLEGE 08/06/2006   547 F491 02953 24/02/2024 9 24/02/2024 Books
    Dewey Decimal Classification     SEACOM ENGINEERING COLLEGE SEACOM ENGINEERING COLLEGE 08/06/2006   547 F491 02954 24/02/2024 10 24/02/2024 Books
    Dewey Decimal Classification     SEACOM ENGINEERING COLLEGE SEACOM ENGINEERING COLLEGE 08/06/2006   547 F491 02955 24/02/2024 11 24/02/2024 Books
    Dewey Decimal Classification     SEACOM ENGINEERING COLLEGE SEACOM ENGINEERING COLLEGE 08/06/2006   547 F491 02956 24/02/2024 12 24/02/2024 Books
    Dewey Decimal Classification     SEACOM ENGINEERING COLLEGE SEACOM ENGINEERING COLLEGE 08/06/2006   547 F491 02957 24/02/2024 13 24/02/2024 Books
© Seacom Engineering College, All rights reserved.      Powered by Koha